CAPITALI CONQUISTATE DA ALTRI STATI (LETTERA A) - Statistics

Statistiche generali
  • Questo quiz è stato fatto 56 volte
  • Il punteggio medio è 11 su 11
Statistiche sulle risposte
DOMANDA RISPOSTA % Corretto
Andorra: ANDORRA LA VELLA Francia/Spagna
100%
Algeria: ALGERI Italia/ Arabia Saudita/ Turchia/ Francia
100%
Austria: VIENNA Italia/Francia/Germania/Russia
100%
Albania: TIRANA Italia/Germania/Turchia
100%
Afghanistan: KABUL Macedonia/Russia/ Iran/ Mongolia/Usa
100%
Australia: CANBERRA Regno Unito
100%
Azerbaijan: BAKU Iran/Arabia Saudita/Russia
98%
Antigua e Barbuda: SAINT JOHN'S Regno Unito
98%
Armenia: EREVAN Macedonia/ Russia/ Iran/ Mongolia/ Arabia Saudita
95%
Angola: LUANDA Portogallo
93%
Argentina: BUENOS AIRES Spagna/Regno Unito
93%
Nessun quiz corrispondente trovato
Distribuzione punteggi
Percentuale di utenti per punteggio
Percentile per numero di risposta
I tuoi punteggi nel tempo
Non hai fatto questo quiz